| 000 -CABECERA |
| Longitud fija campo de control |
01059nas a22002777a 4500 |
| 001 - NÚMERO DE CONTROL |
| Número de control |
2566 |
| 003 - IDENTIFICADOR DEL NÚMERO DE CONTROL |
| Identificador del número de control |
CDMR |
| 005 - FECHA Y HORA DE LA ÚLTIMA TRANSACCIÓN |
| Fecha y hora de la última transacción |
20180417140549.0 |
| 008 - CÓDIGOS DE INFORMACIÓN DE LONGITUD FIJA |
| Códigos de información de longitud fija |
180417c2002||||sp ar|||||||||||||||spa|d |
| 022 ## - NÚMERO INTERNACIONAL NORMALIZADO PARA PUBLICACIONES SERIADAS |
| Número Internacional Normalizado para Publicaciones Seriadas |
1696-683X |
| 040 ## - FUENTE DE LA CATALOGACIÓN |
| Centro catalogador de origen |
CDMR |
| Lengua de catalogación |
cat |
| Centro transcriptor |
CDMR |
| 222 ## - TÍTULO CLAVE |
| Título clave |
Libro blanco de la prensa diaria |
| 245 10 - MENCIÓN DE TÍTULO |
| Título |
Libro blanco de la prensa diaria |
| Resto del título |
: estudios sobre los medios de prensa escrita desde las ópticas empresariales, tecnológicas, legales, éticas y de contenidos |
| Mención de responsabilidad, etc. |
AEDE |
| 260 ## - PUBLICACIÓN, DISTRIBUCIÓN, ETC. (PIE DE IMPRENTA) |
| Lugar de publicación, distribución, etc. |
Madrid |
| Nombre del editor, distribuidor, etc. |
AEDE |
| Fecha de publicación, distribución, etc. |
2002 - 2016 |
| 300 ## - DESCRIPCIÓN FÍSICA |
| Otras características físicas |
il. |
| Dimensiones |
cm. |
| 310 ## - PERIODICIDAD ACTUAL |
| Periodicidad actual |
Anual |
| 362 ## - FECHAS DE PUBLICACIÓN Y/O DESIGNACIÓN SECUENCIAL |
| Fecha de publicación y/o designación secuencial |
2002 -- 2016 |
| 500 ## - NOTA GENERAL |
| Nota general |
Posteriorment el subtítol desapareix |
| 500 ## - NOTA GENERAL |
| Nota general |
És substituïda l'any 2017 per: El libro blanco de la información / AMI |
| 505 ## - NOTA DE CONTENIDO CON FORMATO |
| Nota de contenido con formato |
A partir de 2014 inclou una targeta de memòria USB amb estadístiques |
| 650 04 - PUNTO DE ACCESO ADICIONAL DE MATERIA - TÉRMINO DE MATERIA |
| 9 (RLIN) |
2742 |
| Término de materia o nombre geográfico como elemento inicial |
Premsa |
| Subdivisión geográfica |
Espanya |
| Subdivisión de forma |
Anuaris |
| 710 2# - PUNTO DE ACCESO ADICIONAL - NOMBRE DE ENTIDAD |
| 9 (RLIN) |
1924 |
| Nombre de entidad o nombre de jurisdicción como elemento inicial |
Asociación de Editores de Diarios Españoles |
| 740 32 - PUNTO DE ACCESO ADICIONAL - TÍTULO RELACIONADO O ANALÍTICO NO CONTROLADO |
| Título relacionado o analítico no controlado |
El libro blanco de la información |
| 785 02 - ENLACE A UN TÍTULO POSTERIOR |
| Encabezamiento principal |
El libro blanco de la información |
| Lugar, editor y fecha de publicación |
AMI |
| 942 ## - ENTRADA DE ELEMENTOS AGREGADOS (KOHA) |
| Koha [por defecto] tipo de item |
Publicacions periòdiques |
| Fuente de clasificaión o esquema |
|
| Marca de registro de periódicas |
1 |